| 000 | 00757cam a2200277 4500 | ||
|---|---|---|---|
| 001 | J2002 | ||
| 008 | 090401t1993 xxu||||| |||| 00| 0 eng d | ||
| 035 | _a(Sirsi) u46709 | ||
| 041 | _aeng | ||
| 050 | _a364.162 | ||
| 100 | _aPascoe, T. | ||
| 245 | _aDomestic burglaries: the burglar`s view. | ||
| 260 |
_aGarston, Watford _bBuilding Research Establishment _c1993 |
||
| 300 | _a(4)p. : ill. ; 30cm. | ||
| 350 | _a0 | ||
| 490 |
_aBRE Information Paper _v19/93 |
||
| 650 | _aCRIME PREVENTION | ||
| 650 | _aDOMESTIC BURGLARIES | ||
| 650 |
_aRESIDENTIAL PROPERTY _96266 |
||
| 650 | _aSECURED BY DESIGN | ||
| 650 | _aSECURITY | ||
| 690 | _aECONOMIC AND SOCIAL | ||
| 710 | _aBuilding Research Establishment | ||
| 942 | _n0 | ||
| 948 | _c04/03/1997 | ||
| 999 |
_c91979 _d91979 |
||